Derechos personalísimos
Kaydedildi:
| Yazar: | |
|---|---|
| Materyal Türü: | Kitap |
| Dil: | İspanyolca İngilizce |
| Baskı/Yayın Bilgisi: |
Buenos Aires
Ad-Hoc
2003
|
| Edisyon: | 1a. ed |
| Seri Bilgileri: | Derecho y Nuevas Tecnologías, Año 3, Número Especial, 4-5
|
| Konular: | |
| Etiketler: |
Etiketle
Etiket eklenmemiş, İlk siz ekleyin!
|
MARC
| LEADER | 00000nam a2200000 a 4500 | ||
|---|---|---|---|
| 001 | UCK0973 | ||
| 003 | CL-VaPUC | ||
| 005 | 20240821130033.0 | ||
| 008 | 041029e20030000AG |||||||||||||||||spa|d | ||
| 999 | |c 311112 |d 311110 | ||
| 040 | |c Pontificia Universidad Católica de Valparaíso | ||
| 041 | 0 | 7 | |a spa |2 CL-VaPUC |
| 041 | 0 | 7 | |a eng |2 CL-VaPUC |
| 082 | 0 | 4 | |a 346.033 |b PAL |2 21 |
| 100 | 1 | |a Palazzi, Pablo Andrés |e autor |9 880010 | |
| 245 | 1 | 0 | |a Derechos personalísimos |
| 250 | |a 1a. ed | ||
| 260 | |a Buenos Aires |b Ad-Hoc |c 2003 | ||
| 300 | |a 688 p | ||
| 490 | 0 | |a Derecho y Nuevas Tecnologías, Año 3, Número Especial, 4-5 | |
| 583 | |a last modification |c 20041029 00:00:00 |k Rodrigo Vera | ||
| 650 | 0 | |a Derecho a la intimidad |9 256183 | |
| 650 | 7 | |a PROTECCION CIVIL |2 CL-VaPUC |9 256184 | |
| 650 | 0 | |a Derecho civil |9 255013 | |
| 650 | 0 | |a Libertad de información |9 257205 | |
| 650 | 7 | |a CORREO ELECTRONICO |2 CL-VaPUC |9 340458 | |
| 650 | 0 | |a Derecho internacional |9 255637 | |
| 942 | |c BK |2 ddc | ||
| 945 | |d 20041029 00:00:00 |a cmena | ||
| 952 | |0 0 |1 0 |4 0 |6 346_033000000000000_PAL_2003 |7 0 |8 A |9 380370 |a BIBDER |b BIBDER |d 2019-11-21 |i 4074351 |l 1 |o 346.033 PAL 2003 |p 4074351 |r 2023-08-03 |s 2023-07-04 |w 2019-11-21 |y BK |k DER | ||